| 000 | 00834nam a22002297a 4500 | ||
|---|---|---|---|
| 999 |
_c17210 _d17210 |
||
| 005 | 20251125232854.0 | ||
| 008 | s2538 th tha d | ||
| 020 | _a9742821771 | ||
| 040 | _aNALT | ||
| 041 | _atha | ||
| 100 | 0 | _aเพิ่มบุญ แก้วเขียว | |
| 245 | 1 | 0 | _aเจาะลึกปัญหาภาษีอากร |
| 260 | 3 |
_aกรุงเทพฯ : _bวิญญูชน, _c2538 |
|
| 300 |
_a144 หน้า ; _b 21 ซม. |
||
| 650 | 0 | 4 | _aภาษี -- คำถามและคำตอบ |
| 650 | 0 | 4 | _aภาษี -- รวมเรื่อง |
| 850 | _aNALT | ||
| 856 | 4 | 0 |
_uhttps://hdl.handle.net/20.500.14156/424109 _71 |
| 942 |
_cLB _2lcc |
||
| 998 |
_j25 _k นีลวัสน์ อินทรักษา |
||
| 090 | _aKI12 พ935จ 2538 | ||